• 首页
  • 本馆介绍
  • 公告通知
  • 最新文献
  • 馆藏检索
  • 电子资源
  • 读者导购
  • 参考咨询
  • 我的图书馆
  • 登录
  • 详细信息显示
  • 放入我的书架
  • 预约/预借图书
  • 作者相关作品
  • 分类相关作品
  • 丛书相关作品
  • 出版社相关作品

书目信息

  • 表格格式
  • 工作单格式
  • 卡片格式
题名:
摄影滤光镜的性能与使用
    
 
作者: 沙占祥 著
分册:  
出版信息: 北京   中国摄影出版社  1996.1
页数: 488页
开本: 32开
丛书名:
单 册:
中图分类: TB851
科图分类:
主题词: 摄影--机具 , 摄影--设备
电子资源:
ISBN: 7-80007-183-9
000 00602nam0 2200205 45
001 0012260873
005 20031219104048.4
010    @a7-80007-183-9@dCNY26.00
100    @a20001226d1996 km y0chiy0120 ea
101 0  @achi
105    @a z 000yy
200 1  @a摄影滤光镜的性能与使用@AShe Ying Lu Guang Jing De Xing Neng Yu Shi Yong@f沙占祥著@FSha Zhan Xiang Zhu
210    @a北京@c中国摄影出版社@d1996.1
215    @a488页@c附彩图@d32开
606 0  @a摄影@x机具
606 0  @a摄影@x设备
690    @aTB851@v1
701  0 @a沙占祥@4著
801    @aCN@bTSTC@c20001226
905    @b294365-369@dTB851@e58@f5
    
    摄影滤光镜的性能与使用/沙占祥著.-北京:中国摄影出版社,1996.1
    488页:附彩图;32开
    
    
    ISBN 7-80007-183-9:CNY26.00
    
●
相关链接 在E读中查询图书 在五车中查询图书 在当当中查询图书 在豆瓣中查询图书


正题名:摄影滤光镜的性能与使用     索取号:TB851/58         预约/预借

序号 登录号 条形码 馆藏地/架位号 状态 备注
1 0294365   002943658   第三借阅区/ [索取号:TB851/58] 在馆    
2 0294366   002943667   第三借阅区/ [索取号:TB851/58] 在馆    
3 0294367   002943676   第三借阅区/ [索取号:TB851/58] 在馆    
4 0294368   002943685   第三借阅区/ [索取号:TB851/58] 在馆    
5 0294369   002943694   第二样本阅览室/ [索取号:TB851/58] 在馆    
唐山师范学院图书馆 欢迎您!
大连网信软件有限公司© 版权所有